000 00199 a2200097 4500
001 59995
100 _a
245 _aGeodaan
260 _aLahore
_bSang-e-Meel
_c2004
090 _c36822
_d36822
942 _aNUST-CAE
_cMONOGRAPH
_c29805
999 _c295068
_d295068